[Event "ROM-ch U14"]
[Site "Calimanesti"]
[Date "2013.04.07"]
[Round "8"]
[White "Comsa, Radu"]
[Black "Ene, Mihnea Gabriel"]
[Result "0-1"]
[WhiteElo "1476"]
[BlackElo "1561"]
[PlyCount "54"]
[EventDate "2013.04.02"]
[EventType "swiss"]
[EventRounds "9"]
[EventCountry "ROU"]
[SourceTitle "CBM 153 Extra"]
[Source "ChessBase"]
[SourceDate "2013.04.22"]
[SourceVersion "1"]
[SourceVersionDate "2013.04.22"]
[SourceQuality "1"]

1. e4 e5 2. Nf3 Nc6 3. d4 exd4 4. Nxd4 Bc5 5. Nb3 Bb6 6. a4 Qf6 7. Qd2 a6 8. Nc3 Nge7 9. Bc4 Ne5 10. Nd5 Nxd5 11. Bxd5 c6 12. f4 cxd5 13. fxe5 Qh4+ 14. g3 Qxe4+ 15. Qe2 Qxh1+ 16. Kd2 Qe4 17. Qxe4 dxe4 18. Ke2 0-0 19. Bf4 f6 20. exf6 Rxf6 21. Rd1 d6 22. Rxd6 Rxd6 23. Bxd6 Be6 24. Nd2 Bg4+ 25. Ke1 e3 26. Nc4 Rd8 27. Bf4 Rd1# 0-1

[Event "ROM-ch U14"]
[Site "Calimanesti"]
[Date "2013.04.05"]
[Round "5"]
[White "Comsa, Radu"]
[Black "Comsa, Ciprian Mihai"]
[Result "0-1"]
[WhiteElo "1476"]
[BlackElo "1668"]
[PlyCount "64"]
[EventDate "2013.04.02"]
[EventType "swiss"]
[EventRounds "9"]
[EventCountry "ROU"]
[SourceTitle "CBM 153 Extra"]
[Source "ChessBase"]
[SourceDate "2013.04.22"]
[SourceVersion "1"]
[SourceVersionDate "2013.04.22"]
[SourceQuality "1"]

1. e4 e5 2. Nf3 Nc6 3. d4 exd4 4. Nxd4 Bc5 5. Nb3 Bb6 6. a4 a6 7. a5 Ba7 8. Nc3 Nge7 9. Bc4 0-0 10. 0-0 d6 11. Bg5 Qe8 12. Nd5 Nxd5 13. exd5 Ne5 14. Re1 Bg4 15. Be2 Qd7 16. Bxg4 Nxg4 17. Nd4 Rfe8 18. Qd2 Ne5 19. b3 h6 20. Bh4 Qg4 21. Rxe5 dxe5 22. Nf3 e4 23. h3 Qh5 24. g4 Qg6 25. Nh2 e3 26. Qc3 exf2+ 27. Bxf2 Bxf2+ 28. Kxf2 Qd6 29. Nf3 Qxd5 30. Qxc7 Rac8 31. c4 Qxf3+ 32. Kxf3 Rxc7 0-1

[Event "ROM-ch U14"]
[Site "Calimanesti"]
[Date "2013.04.04"]
[Round "4"]
[White "Comsa, Radu"]
[Black "Mamele, Stefan Bogdan"]
[Result "1-0"]
[WhiteElo "1476"]
[BlackElo "1667"]
[PlyCount "103"]
[EventDate "2013.04.02"]
[EventType "swiss"]
[EventRounds "9"]
[EventCountry "ROU"]
[SourceTitle "CBM 153 Extra"]
[Source "ChessBase"]
[SourceDate "2013.04.22"]
[SourceVersion "1"]
[SourceVersionDate "2013.04.22"]
[SourceQuality "1"]

1. d4 d5 2. Nc3 e6 3. e4 Bb4 4. Nge2 dxe4 5. a3 Bxc3+ 6. Nxc3 Nc6 7. Bb5 Bd7 8. Be3 a6 9. Be2 f5 10. Qd2 Nf6 11. Bg5 0-0 12. h3 Qe8 13. Bxf6 Rxf6 14. g4 h6 15. Rg1 g5 16. 0-0-0 Rd8 17. d5 Bc8 18. Qe3 exd5 19. Nxd5 Rf7 20. gxf5 Bxf5 21. Bh5 Qe5 22. Bxf7+ Kxf7 23. Nc3 Qe6 24. Rxd8 Nxd8 25. Qd4 Nc6 26. Qd5 Qxd5 27. Nxd5 Bxh3 28. Nxc7 Ne5 29. Rh1 g4 30. Nd5 Kg7 31. Nf4 Bg2 32. Nxg2 Kg6 33. Ne3 Kg5 34. Kd1 h5 35. Ke2 h4 36. b3 b5 37. c4 bxc4 38. Nxc4 Nd3 39. Ke3 h3 40. Nd2 Ne5 41. Nxe4+ Kh4 42. a4 Nf3 43. Nd2 Ng5 44. b4 Ne6 45. Ne4 Nc7 46. Kd4 Ne6+ 47. Kd5 Nf4+ 48. Kc6 Nd3 49. b5 axb5 50. axb5 Nxf2 51. Nxf2 g3 52. Rxh3+ 1-0